Forma & discurso : el uso de referencias para la producción de forma en Los diez libros de arquitectura, : hacia una arquitectura : complejidad y contradicción en la arquitectura
সংরক্ষণ করুন:
| প্রধান লেখক: | |
|---|---|
| অন্যান্য লেখক: | |
| বিন্যাস: | অজ্ঞাত |
| ভাষা: | Spanish |
| প্রকাশিত: |
[San José, Costa Rica]
2017
|
| বিষয়গুলি: | |
| ট্যাগগুলো: |
ট্যাগ যুক্ত করুন
কোনো ট্যাগ নেই, প্রথমজন হিসাবে ট্যাগ করুন!
|
MARC
| LEADER | 00000 a2200000 4500 | ||
|---|---|---|---|
| 003 | EA-168 | ||
| 005 | 20230228113000.0 | ||
| 008 | 140114s2017 cr a 000 ||spa d | ||
| 040 | |c cru CEDI | ||
| 090 | |a TFG EA-168 | ||
| 100 | |a Solórzano Quirós, Luis Miguel, 1989- |9 119 | ||
| 245 | |a Forma & discurso : el uso de referencias para la producción de forma en Los diez libros de arquitectura, : hacia una arquitectura : complejidad y contradicción en la arquitectura | ||
| 260 | |a [San José, Costa Rica] |c 2017 | ||
| 500 | |a Trabajo final (licenciatura en arquitectura)--Universidad de Costa Rica. Facultad de Ingeniería. Escuela de Arquitectura | ||
| 501 | |a Director de Trabajo Final de Graduación: Dr. Jafet Segura Amador | ||
| 650 | |x ARQUITECTURA |x FILOSOFIA DE LA ARQUITECTURA |x ANALISIS DEL DISCURSO |x FORMA (ESTETICA) |x IMAGENES |9 20317 | ||
| 700 | |9 67 |a Segura Amador, Jafet Guillermo, 1960- |d Director del TFG | ||
| 942 | |c CEDI | ||
| 999 | |c 13064 |d 13064 | ||
